Seznam plánovacích skupin průmyslových výrobků, surovin a služeb

Saved in:
Bibliographic Details
Format: Book
Language:Czech
Published: Praha Dělnické nakladatelství 1947
Tags: Add Tag
No Tags, Be the first to tag this record!

MARC

LEADER 00000nam a2200000 4500
001 0269060
005 20240822101714.4
041 0 |a cze 
044 |a -CS 
245 1 0 |a Seznam plánovacích skupin průmyslových výrobků, surovin a služeb 
264 1 |a Praha  |b Dělnické nakladatelství  |c 1947